Nové trendy v strojárstve na prahu tretieho tisícročia : Zborník vedeckých prác. 2.sekcia: Výpočtové a experimentálne metódy pri stavbe strojov a zariadení : Konf. Košice. 25.a 26.9.1997
Enregistré dans:
| Format: | Livre |
|---|---|
| Langue: | slovaque |
| Publié: |
Košice :
Technická univerzita v Košiciach,
1997
|
| Sujets: | |
| Tags: |
Pas de tags, Soyez le premier à ajouter un tag!
|
MARC
| LEADER | 00000nam a22000003a 4500 | ||
|---|---|---|---|
| 001 | stu45999 | ||
| 005 | 20150408180242.4 | ||
| 008 | 971119s1997----cs------------------slo-d | ||
| 020 | |a 80-967636-8-7 | ||
| 040 | |a STU |b slo | ||
| 041 | 0 | |a slo | |
| 044 | |a cs | ||
| 080 | |a 621.7.06(082) | ||
| 245 | |a Nové trendy v strojárstve na prahu tretieho tisícročia : |b Zborník vedeckých prác. 2.sekcia: Výpočtové a experimentálne metódy pri stavbe strojov a zariadení : Konf. Košice. 25.a 26.9.1997 | ||
| 260 | |a Košice : |b Technická univerzita v Košiciach, |c 1997 | ||
| 300 | |a 283 s | ||
| 650 | 7 | |a stroje |2 stusub | |
| 650 | 7 | |a stavba |2 stusub | |
| 650 | 7 | |a zborníky |2 stusub | |
| 650 | 7 | |a zariadenia |2 stusub | |
| 996 | |b MZ 1187 |c M*Z-1187 |l MMKN |s A |a 24 |w stu45999_0001 | ||